| 000 | 00561nam a22001937a 4500 | ||
|---|---|---|---|
| 999 |
_c139337 _d139337 |
||
| 005 | 20181207130043.0 | ||
| 010 | _aENG-117973 | ||
| 020 |
_a9788125064237 _c525.00 |
||
| 035 | _aEN-101505 | ||
| 037 | _bDBAD/PUB | ||
| 082 | _aN | ||
| 100 | _aBasu,Bani | ||
| 245 |
_aGandharvi: _cby Bani Basu ; trancleted by Jayita Sengupta _blife of a musician / |
||
| 260 |
_aTelagana _bOrient Blackswan _c2017 |
||
| 270 |
_a3-6-752,Himayatnagar _bTelagana (Hydrabad) _e500029 |
||
| 300 |
_axix267p. _c22cm(pbk) |
||
| 700 | _aSengupta, Jayita | ||
| 942 |
_2ddc _cEN _hN _mBAS |
||